What Letter is Missing? - Flash Test - Statistics

General Stats
  • This quiz has been taken 79 times
  • The average score is 16 of 30
Answer Stats
Hint Answer % Correct
Co_plete m
100%
E_ercise x
98%
Vi_tory c
97%
S_mphony y
89%
Hy_otenuse p
87%
Me_allion d
81%
Ky_gyzstan r
79%
Radioa_tive c
76%
Chat_au e
76%
Di_ital g
76%
Philosop_y h
76%
Embarras_ment s
76%
Acc_mulation u
71%
Fascin_te a
62%
Pro_incial v
60%
Su_poena b
46%
Allus_on i
46%
Agi_e l
46%
Pictures_ue q
41%
Te_evision l
30%
Bac_ground k
25%
Vic_ual t
24%
Ans_er w
22%
Oversimpli_ied f
17%
A_iomatic x
16%
Ba_aar z
16%
Py_my g
13%
Re_uvenate j
11%
E_unciate n
10%
Ventril_quism o
10%
No matching quizzes found
Score Distribution
Percent of People with Each Score
Percentile by Number Answered
Your Score History
You have not taken this quiz